| 000 | 00846namaa2200289 a 4500 | ||
|---|---|---|---|
| 001 | vtls001303899 | ||
| 003 | NLI | ||
| 005 | 20210627043902.0 | ||
| 008 | 120418s1980 dcu i000 0 eng | ||
| 039 | 9 |
_y201204181930 _zVLOAD |
|
| 040 | 0 |
_aNLI _cVTLS-2012_FOD _eAACR2 |
|
| 041 | 0 | _aeng | |
| 044 | _adcu | ||
| 082 | 0 | 4 | _a551.22 |
| 245 | 0 | 0 |
_aEarthquakes in the United States / _cby C. W. Stover...[et al.] |
| 260 |
_aWashington,D.C. : _bUnited States Government Printing Office, _c1980 |
||
| 300 |
_a34 p. ; _c25 cm. |
||
| 490 | 1 |
_aGeological survey circular ; _v836-B |
|
| 650 | 0 |
_aEarthquakes _9692920 |
|
| 650 | 0 |
_aSeismic waves _9715492 |
|
| 700 | 1 |
_aStover, C. W. _9722901 |
|
| 710 | 2 | _aGeological Survey (U.S.) | |
| 887 | _a | ||
| 901 |
_aAD 138984 _b25.10.2010 |
||
| 902 | _aU.S 551.22 Ea 76 | ||
| 999 |
_aVIRTUA40 _c596135 _d596135 |
||
| 942 |
_2ddc _cBKS |
||